000 00620nam a2200229 i 4500
001 C2-0253262
003 PPAK
005 20180727220433.0
008 040229s2003 my |||| ||||| | may d
040 _aPPAK
_beng
_cPPAK
_erda
082 0 4 _a658.15
_223
090 0 0 _a658.15
_bPEN
_dR
245 0 0 _aPengurusan kewangan
264 1 _aKuala Lumpur :
_bUniversiti Terbuka Malaysia (OUM) ,
_c2003
300 _a409 pages ;
_c29 cm
336 _2rdacontent
_atext
337 _2rdamedia
_aunmediated
338 _2rdacarrier
_avolume
500 _aFINM 3015
650 1 0 _aFinance ; Management - Finance
942 _ddc
_cB
999 _c66143
_d66143